000 00647nam a2200205 i 4500
001 33727
003 ES-MaACL
005 20230906154818.0
007 t|
008 030203s1968 sp ||||1| spa d
100 1 _aBissonnier, Henri.
_929023
245 1 0 _aPsicopedagogía religiosa de los deficientes mentales
_b: orientaciones fundamentales /
_cHenri Bissonnier.
260 _aMadrid :
_bMarova,
_c[1968]
300 _a81 p. ;
_c18 cm.
490 1 _aMisereor ;
_v4
650 4 _aCatequesis de personas con discapacidad .
_9166198
830 0 _aMisereor ;
_v4
_9229466
852 _aES-MaACL
_jC-51798
_bR.67106
999 _c33727
_d33727